The biblical basis of missions / (Record no. 1717)

MARC details
000 -LEADER
fixed length control field 00851cam a2200289 a 4500
001 - CONTROL NUMBER
control field 508697
003 - CONTROL NUMBER IDENTIFIER
control field GBCCL
005 - DATE AND TIME OF LATEST TRANSACTION
control field 20241126110407.0
008 - FIXED-LENGTH DATA ELEMENTS--GENERAL INFORMATION
fixed length control field 830201s1979 tnua 00010 eng d
035 ## - SYSTEM CONTROL NUMBER
System control number (OCoLC)ocn686929473
035 ## - SYSTEM CONTROL NUMBER
System control number (CStRLIN)CTYT83-B440
035 ## - SYSTEM CONTROL NUMBER
System control number 508697
040 ## - CATALOGING SOURCE
Original cataloging agency CtY-D
Transcribing agency CtY-D
082 ## - DEWEY DECIMAL CLASSIFICATION NUMBER
Classification number 266.001
Item number WIL
090 ## - LOCALLY ASSIGNED LC-TYPE CALL NUMBER (OCLC); LOCAL CALL NUMBER (RLIN)
Local cutter number (OCLC) ; Book number/undivided call number, CALL (RLIN) 001938
100 1# - MAIN ENTRY--PERSONAL NAME
Personal name Willis, Avery T.
9 (RLIN) 3524
245 14 - TITLE STATEMENT
Title The biblical basis of missions /
Statement of responsibility, etc. Avery T. Willis, Jr.
260 0# - PUBLICATION, DISTRIBUTION, ETC.
Place of publication, distribution, etc. Nashville, Tenn. :
Name of publisher, distributor, etc. Convention Press,
Date of publication, distribution, etc. c1979.
300 ## - PHYSICAL DESCRIPTION
Extent 160 p. :
Other physical details ill. ;
Dimensions 20 cm.
490 1# - SERIES STATEMENT
Series statement Baptist doctrine series
490 1# - SERIES STATEMENT
Series statement Church study course
500 ## - GENERAL NOTE
General note On cover: College student ed.
650 #0 - SUBJECT ADDED ENTRY--TOPICAL TERM
Topical term or geographic name entry element Missions
General subdivision Biblical teaching.
9 (RLIN) 481
830 #0 -
-- Baptist doctrine series.
-- 3525
830 #0 -
-- Church study course.
-- 3526
942 ## - ADDED ENTRY ELEMENTS (KOHA)
Source of classification or shelving scheme Dewey Decimal Classification
Koha item type Books
Koha issues (borrowed), all copies 9
Holdings
Withdrawn status Lost status Source of classification or shelving scheme Damaged status Not for loan Home library Current Library Shelving location Date acquired Total checkouts Total renewals Full call number Barcode Date last seen Date last checked out Copy number Price effective from Koha item type
    Dewey Decimal Classification     GRACE BIBLE COLLEGE GRACE BIBLE COLLEGE Ministry & Mission 2017-05-22 5 1 266.001 WIL 006680 2025-05-01 2024-01-20 c.2 2017-05-22 Books
    Dewey Decimal Classification     GRACE BIBLE COLLEGE GRACE BIBLE COLLEGE Ministry & Mission 2017-05-25 2   266.001 WIL 006678 2025-05-01 2018-10-08 c.1 2017-05-25 Books
    Dewey Decimal Classification     GRACE BIBLE COLLEGE GRACE BIBLE COLLEGE Ministry & Mission 2017-05-25 2 1 266.001 WIL 006681 2025-05-01 2019-02-18 c.3 2017-05-25 Books
© Grace Bible College Library 2025